| 000 | 00400nam a2200169Ia 4500 | ||
|---|---|---|---|
| 005 | 20250423101550.0 | ||
| 008 | 250422s9999 xx 000 0 und d | ||
| 020 | _a0153008229 | ||
| 050 | _aLB 51 .F37/ | ||
| 100 | _aFarr, Roger C. | ||
| 245 | 0 | _aTreasury of literature : unit holistic assessment | |
| 260 | _aNew York | ||
| 260 | _bHarcourt | ||
| 260 | _c1993 | ||
| 300 | _a60 p | ||
| 942 | _cBK | ||
| 999 |
_c36653 _d36653 |
||